[Event "Politiken Cup"]
[Site "Helsingor DEN"]
[Date "2008.07.20"]
[Round "3"]
[White "Sachdev,T"]
[Black "Mejvik,J"]
[Result "1-0"]
[WhiteElo "2432"]
[BlackElo "2015"]

1.d4 Nf6 2.c4 g6 3.Nc3 Bg7 4.e4 d6 5.Be2 O-O 6.Nf3 e5 7.Be3 Ng4 8.Bg5 f6
9.Bh4 Qe8 10.d5 Na6 11.Nd2 Nh6 12.f3 Kh8 13.Rb1 f5 14.b4 Bf6 15.Bf2 Qe7 16.a3 Bh4
17.g3 Bf6 18.c5 fxe4 19.Ndxe4 Nf5 20.Nxf6 Rxf6 21.g4 Ng7 22.Bh4 Qf8 23.Bxf6 Qxf6
24.O-O Qf4 25.Bxa6 bxa6 26.Qd3 Bd7 27.c6 Be8 28.Ne4 Bf7 29.Rbd1 h5 30.Qd2 Rb8
31.Qxf4 exf4 32.Rfe1 Ne8 33.Ng5 Kg7 34.Re7 Kf6 35.Rxf7+ Kxg5 36.Rf8 hxg4
37.Kf2 a5 38.Re1  1-0

[Event "Sun Pawn A"]
[Site "Illichevsk UKR"]
[Date "2008.07.20"]
[Round "1"]
[White "Polyakov,M"]
[Black "Turutin,A"]
[Result "1/2-1/2"]
[WhiteElo "2283"]
[BlackElo "2321"]

1.Nf3 Nf6 2.c4 g6 3.Nc3 Bg7 4.e4 d6 5.d4 O-O 6.Be2 Nbd7 7.O-O e5 8.Re1 c6
9.Bf1 exd4 10.Nxd4 Re8 11.Nb3 Qe7 12.Bg5 a5 13.c5 a4 14.cxd6 Qf8 15.Nd2 a3
16.b3 h6 17.Bh4 Qxd6 18.Nc4 Qb4 19.Rc1 Nh5 20.Nb1 Ne5 21.Nd6 Re6 22.Nxc8 Rxc8
23.Qc2 g5 24.Be2 Nf4 25.Bg3 Nxe2+ 26.Qxe2 Rd8 27.Red1 Red6 28.Rxd6 Rxd6 29.h3 Rd4
30.f3 Nd3 31.Rd1 Nf4 32.Bxf4 gxf4 33.Kh2 Qd6 34.Rxd4 Bxd4 35.Qe1 Bb2 36.e5 Bxe5
37.Nxa3 b5 38.Nc2 Qc5 39.Qd2 Bc3 40.Qd8+ Kg7 41.Qd3 Bf6 42.Kh1 Qf2 43.a4 bxa4
44.bxa4 Qb6 45.Qe4 c5 46.Kh2 Qc7 47.Na3 Bh4 48.Nc4 Bg3+ 49.Kg1 Qd7 50.Qc2 Qd4+
51.Kf1 Qa1+ 52.Ke2 Qg1 53.Kd3 Qd4+ 54.Ke2 Qg1 55.Kd3 Bf2 56.Qb2+ Bd4 57.Qe2 Qb1+
58.Qc2 Qf1+ 59.Qe2 Qa1 60.a5 Qb1+ 61.Qc2 Qf1+ 62.Qe2 Qb1+ 63.Qc2 Qf1+  1/2-1/2

[Event "19th Czech Chladek & Tintera A Open"]
[Site "Pardubice CZE"]
[Date "2008.07.20"]
[Round "3"]
[White "Bogner,S"]
[Black "Kiewra,K"]
[Result "1-0"]
[WhiteElo "2467"]
[BlackElo "2336"]

1.Nf3 Nf6 2.c4 g6 3.Nc3 Bg7 4.e4 d6 5.d4 O-O 6.Be2 e5 7.dxe5 dxe5 8.Qxd8 Rxd8
9.Bg5 Re8 10.Nd5 Nxd5 11.cxd5 c6 12.Bc4 cxd5 13.Bxd5 Nc6 14.O-O-O Be6 15.Bxe6 Rxe6
16.Rd7 b6 17.Kb1 Nd4 18.Rc1 Rc6 19.Nxd4 Rxc1+ 20.Kxc1 exd4 21.Kd2 h6 22.Be7 f5
23.exf5 gxf5 24.Kd3 Be5 25.Bd6 Bg7 26.b3 a5 27.Rb7 a4 28.Rb8+ Rxb8 29.Bxb8 axb3
30.axb3 b5 31.Ba7 Kf7 32.Bxd4 Bf8 33.Be3 Bg7 34.h3 h5 35.f3 Ke6 36.g4 fxg4
37.fxg4 hxg4 38.hxg4 Kd5 39.g5 Bf8 40.Bd4 Be7 41.g6 Ke6 42.Ke4 Bd6 43.Kf3 Ke7
44.Bg7 Bb4 45.Kg4 Bd2 46.Kf5 Bc1 47.Bc3 Kf8 48.Ke6 Ba3 49.Kd5 Kg8 50.Bd4 b4
51.Ke4 Bc1 52.Kd5 Bd2 53.Kc4 Be1 54.Bc5 Kg7 55.Bxb4 Bf2 56.Ba3 Kxg6 57.b4 Kf7
58.b5 Ba7 59.Kd5 Ke8 60.Kc6 Bb8  1-0

[Event "2nd Dragana Vjestice Mem"]
[Site "Banja Luka BIH"]
[Date "2008.07.21"]
[Round "1"]
[White "Popovic,Zo1"]
[Black "Gavric,M"]
[Result "1/2-1/2"]
[WhiteElo "2348"]
[BlackElo "2390"]

1.d4 Nf6 2.c4 g6 3.Nc3 Bg7 4.e4 O-O 5.Nf3 d6 6.Be2 e5 7.O-O exd4 8.Nxd4 Re8
9.f3 Nc6 10.Be3 Bd7 11.Qd2 a5 12.Ndb5 Ne5 13.Rac1 Bc6 14.Bg5 Ned7 15.Nd5 Bxd5
16.cxd5 Nc5 17.Be3 Nfd7 18.Nd4 Be5 19.Bb5 Rf8 20.Rc2  1/2-1/2

[Event "83rd ch-ARG s/f"]
[Site "Buenos Aires ARG"]
[Date "2008.07.21"]
[Round "1"]
[White "Tobares,L"]
[Black "Rojo Lynch,E"]
[Result "1-0"]
[WhiteElo "2210"]
[BlackElo "1898"]

1.d4 Nf6 2.c4 g6 3.Nc3 Bg7 4.e4 d6 5.Nf3 O-O 6.Be2 e5 7.Be3 Ng4 8.Bg5 f6
9.Bc1 Nh6 10.dxe5 fxe5 11.Bg5 Qd7 12.O-O Nf7 13.Be3 Nc6 14.h3 Qd8 15.Qd2 Be6
16.Rfd1 Qd7 17.c5 Rad8 18.cxd6 cxd6 19.Nd5 h6 20.Rac1 Bxd5 21.Qxd5 Ne7 22.Qb3 a6
23.Bb6 Rc8 24.Bc4 Rc6 25.Be6 Qe8 26.Be3 b5 27.Qb4 Kh7 28.Bxf7 Qxf7 29.Rxc6 Nxc6
30.Qa3 Nd4 31.Bxd4 exd4 32.Qxa6 Qf4 33.Qxb5 Qxe4 34.Qd3 Qf4 35.b4 Be5 36.b5 Rc8
37.g3 Qf7 38.Nxd4 Qxa2 39.Nc6 Rf8 40.Rd2 Qe6 41.Kg2 Bg7 42.Qxd6 Re8  1-0

[Event "Sun Pawn A"]
[Site "Illichevsk UKR"]
[Date "2008.07.21"]
[Round "2"]
[White "Kurochkin,Val"]
[Black "Turutin,A"]
[Result "1-0"]
[WhiteElo "2144"]
[BlackElo "2321"]

1.d4 Nf6 2.Nf3 g6 3.c4 Bg7 4.Nc3 O-O 5.e4 d6 6.Be2 Nbd7 7.O-O e5 8.Be3 Re8
9.d5 Nh5 10.Re1 Nf4 11.Bf1 a5 12.a3 Nc5 13.b4 axb4 14.axb4 Rxa1 15.Qxa1 Ncd3
16.Rb1 Bg4 17.Ne1 Nxe1 18.Rxe1 Qg5 19.Kh1 Qh5 20.Nb5 Rc8 21.Qa7 f5 22.f3 Bxf3
23.Bxf4 exf4 24.gxf3 fxe4 25.Rxe4 Qxf3+ 26.Bg2 Qh5 27.Qf2 Be5 28.Qf3 Qg5
29.Re1 Qh4 30.Rf1 Qe7 31.Qh3 Re8 32.Bf3 Qg7 33.Bg4 b6 34.Bd7 Re7 35.Be6+ Kh8
36.Na7 Re8 37.Nc6 Ra8 38.Bc8 f3 39.Rxf3 Ra2 40.Qe6 Ra1+ 41.Kg2 Ra2+ 42.Rf2 Rxf2+
43.Kxf2 Qh6 44.Nxe5 Qxh2+ 45.Ke3 dxe5 46.Qf6+  1-0

[Event "ch-AUT"]
[Site "Leoben AUT"]
[Date "2008.07.21"]
[Round "3"]
[White "Neubauer,M"]
[Black "Wiedermann,D"]
[Result "1-0"]
[WhiteElo "2457"]
[BlackElo "2156"]

1.Nf3 Nf6 2.d4 g6 3.c4 Bg7 4.Nc3 O-O 5.e4 d6 6.Be2 e5 7.Be3 Na6 8.O-O Ng4
9.Bg5 Qe8 10.c5 exd4 11.Nd5 c6 12.Ne7+ Kh8 13.Nxc8 Rxc8 14.cxd6 Nc5 15.Be7 Nxe4
16.Nxd4 Ngf6 17.Bf3 Qd7 18.Nb3 b6 19.Re1 Ng5 20.Nd2 Rfe8 21.Nc4 Nxf3+ 22.Qxf3 Nd5
23.Qxf7 Nxe7 24.Rxe7 Rxe7 25.dxe7 h6 26.Re1 Re8 27.Qxe8+  1-0

[Event "17th ch-MKD"]
[Site "Struga MKD"]
[Date "2008.07.21"]
[Round "8"]
[White "Andonovski,L"]
[Black "Petrovski,I"]
[Result "1-0"]
[WhiteElo "2300"]
[BlackElo "1836"]

1.d4 Nf6 2.c4 g6 3.Nc3 Bg7 4.e4 d6 5.Nf3 O-O 6.Be2 e5 7.Be3 c6 8.d5 Na6 9.O-O Ng4
10.Bg5 f6 11.Bh4 g5 12.Bg3 f5 13.exf5 Bxf5 14.h4 gxh4 15.Nxh4 Nh6 16.dxc6 bxc6
17.Bf3 Rc8 18.Bxc6 Nb4 19.Bd5+ Nxd5 20.Qxd5+ Kh8 21.Rad1 Bf6 22.Nxf5 Nxf5
23.Ne4 Nxg3 24.Nxg3 Bh4 25.Ne4 Qb6 26.Rd2 Be7 27.Qe6 Rfe8 28.Nxd6 Bxd6 29.Qf6+ Kg8
30.Rxd6  1-0

[Event "2nd IRT 54th Aniv Martelli"]
[Site "Villa Martelli ARG"]
[Date "2008.07.21"]
[Round "6"]
[White "Guerrero,Alv"]
[Black "Cervetto,E"]
[Result "1-0"]
[WhiteElo "2154"]
[BlackElo "2164"]

1.d4 Nf6 2.c4 g6 3.Nc3 Bg7 4.e4 d6 5.Be2 O-O 6.Nf3 e5 7.d5 a5 8.O-O Nh5 9.Ne1 Nf4
10.Nd3 Nxd3 11.Bxd3 f5 12.f3 f4 13.Bd2 h5 14.a3 g5 15.Be2 Rf6 16.b4 Rg6 17.c5 dxc5
18.bxc5 Na6 19.Na4 Bd7 20.Rc1 Bf8 21.Bxa6 Raxa6 22.Qb3 g4 23.fxg4 Bxa4 24.Qxa4 Rxg4
25.c6 b6 26.Qc4 Ra8 27.d6+ Kg7 28.d7 Qg5 29.Kh1 Bxa3 30.Rcd1 Bc5 31.Bc3 Bd6
32.Qe6 Rxg2 33.Rg1 f3 34.Qh3 Rf8 35.Rxg2 Qxg2+ 36.Qxg2+ fxg2+ 37.Kxg2 Kf7
38.Rxd6 Ke7 39.Rd5 Kd8 40.Rxe5  1-0

[Event "31st Taminco Open"]
[Site "Ghent BEL"]
[Date "2008.07.22"]
[Round "8"]
[White "Goormachtigh,J"]
[Black "Barbe,T"]
[Result "1-0"]
[WhiteElo "2242"]
[BlackElo "2102"]

1.d4 Nf6 2.c4 g6 3.Nc3 Bg7 4.e4 d6 5.Nf3 O-O 6.Be2 e5 7.Be3 Ng4 8.Bg5 f6
9.Bc1 f5 10.dxe5 Nxe5 11.exf5 Bxf5 12.Be3 Nbc6 13.Qd2 Qd7 14.Nxe5 Nxe5 15.O-O Be6
16.b3 a6 17.Rad1 Kh8 18.Nd5 Rf7 19.f4 Nc6 20.Bf3 Re8 21.Bf2 Bg4 22.Bxg4 Qxg4
23.Rfe1 Ref8 24.Qe2 Qxe2 25.Rxe2 h6 26.g3 Kh7 27.Kg2 a5 28.Bg1 b6 29.Re6 Ra8
30.a4 Raf8 31.Rd3 Bh8 32.Nxb6 Nb4 33.Rd1 cxb6 34.Rdxd6 Rf6 35.Bxb6 Rxe6 36.Rxe6 Ra8
37.Rd6 Bc3 38.c5 Na6 39.c6 Kg7 40.Rd7+  1-0

[Event "Politiken Cup"]
[Site "Helsingor DEN"]
[Date "2008.07.22"]
[Round "5"]
[White "Storgaard,M"]
[Black "Aabling Thomsen,J"]
[Result "1/2-1/2"]
[WhiteElo "2081"]
[BlackElo "2275"]

1.d4 Nf6 2.c4 g6 3.Nc3 Bg7 4.e4 d6 5.Nf3 O-O 6.Be2 Na6 7.O-O e5 8.d5 Nc5
9.Qc2 a5 10.Ne1 Nfd7 11.Be3 f5 12.f3 f4 13.Bf2 g5 14.Nd3 Nxd3 15.Bxd3 h5
16.c5 Nxc5 17.Bxc5 dxc5 18.Nb5 b6 19.Bc4 Kh8 20.Rad1 Rf6 21.Qc3 Qe7 22.Qd3 Rb8
23.d6 cxd6 24.Nxd6 Bf8 25.Qd5 Be6 26.Qxe5 Bxc4 27.Nxc4 Qxe5 28.Nxe5 Rb7 29.Nd7 Rf7
30.Nxf8 Rxf8 31.Rd5 Rg7  1/2-1/2

[Event "Politiken Cup"]
[Site "Helsingor DEN"]
[Date "2008.07.22"]
[Round "5"]
[White "Angskog,K"]
[Black "Arvola,B"]
[Result "0-1"]
[WhiteElo "2247"]
[BlackElo "2105"]

1.Nf3 Nf6 2.c4 g6 3.Nc3 Bg7 4.e4 d6 5.d4 O-O 6.Be2 e5 7.Bg5 Qe8 8.dxe5 dxe5
9.O-O c6 10.Qd6 Qe6 11.Qd2 Na6 12.h3 Nc5 13.Qe3 Qe7 14.Rfd1 a5 15.Rd2 Bd7
16.Rad1 Rad8 17.Nxe5 Qxe5 18.Bf4 Qe6 19.Qxc5 Nxe4 20.Nxe4 Qxe4 21.Qe3 Rfe8
22.Rxd7 Rxd7 23.Rxd7 Qb1+ 24.Bf1  0-1

[Event "19th Czech Chladek & Tintera A Open"]
[Site "Pardubice CZE"]
[Date "2008.07.22"]
[Round "5"]
[White "Velicka,P"]
[Black "Alexikov,A"]
[Result "0-1"]
[WhiteElo "2492"]
[BlackElo "2357"]

1.Nf3 g6 2.c4 Bg7 3.d4 Nf6 4.Nc3 d6 5.e4 O-O 6.Be2 e5 7.O-O Na6 8.Be3 Ng4
9.Bg5 f6 10.Bc1 Nh6 11.Rb1 c6 12.dxe5 dxe5 13.b4 Nc7 14.c5 Nf7 15.Bc4 Qe7
16.Be3 Kh8 17.Qb3 Ne6 18.Rbd1 f5 19.Bc1 b5 20.cxb6 axb6 21.b5 Nd4 22.Nxd4 exd4
23.Ne2 c5 24.exf5 Nd6 25.Rde1 Nxc4 26.Qxc4 Qf6 27.Ng3 Bxf5 28.Nxf5 Qxf5 29.Bd2 Qd7
30.Re6 Rae8  0-1

[Event "17th ch-MKD"]
[Site "Struga MKD"]
[Date "2008.07.22"]
[Round "9"]
[White "Andonovski,L"]
[Black "Pancevski,F"]
[Result "1/2-1/2"]
[WhiteElo "2300"]
[BlackElo "2407"]

1.d4 Nf6 2.c4 d6 3.Nf3 g6 4.Nc3 Bg7 5.e4 O-O 6.Be2 e5 7.Be3 exd4 8.Nxd4 Re8
9.f3 c6 10.Bf2 d5 11.exd5 cxd5 12.O-O Nc6 13.c5 Nh5 14.Qd2 Be5 15.g3 Ng7
16.Bb5 Bd7 17.Rfe1 Nxd4 18.Bxd4 Bxd4+ 19.Qxd4 Ne6 20.Qxd5 Bxb5 21.Qxd8 Rexd8
22.Nxb5 Rd2 23.b4 Rad8 24.Rf1 Rb2 25.Rfb1 Rdd2 26.Rxb2 Rxb2 27.Nxa7 Rxb4
28.c6 bxc6 29.Nxc6 Rb2 30.f4 Rc2 31.Nb4 Rd2 32.Nc6 Rc2 33.Ne5 Nd4 34.a4 f6
35.Ng4 Nf3+ 36.Kf1 Kf7 37.Ra3 Nd2+ 38.Ke1 Nc4 39.Ra1 h5 40.Nf2 Na5 41.h3 Ke6
42.Ra3 Nc4 43.Ra1 Na5 44.Kf1 Nb3 45.Ra3 Nd2+ 46.Kg1 Nc4 47.Ra1 Na5  1/2-1/2

[Event "XIII Open"]
[Site "Balaguer ESP"]
[Date "2008.07.23"]
[Round "10"]
[White "Pogorelov,R"]
[Black "Martinez Lopez,I"]
[Result "1-0"]
[WhiteElo "2459"]
[BlackElo "2251"]

1.Nf3 Nf6 2.c4 g6 3.Nc3 Bg7 4.e4 d6 5.d4 O-O 6.Be2 e5 7.O-O Na6 8.Be3 Ng4
9.Bg5 Qe8 10.Re1 h6 11.Bh4 exd4 12.Nxd4 Nf6 13.f3 Nc5 14.b4 Ne6 15.Nxe6 Bxe6
16.Rc1 a5 17.a3 axb4 18.axb4 Qd7 19.Qd2 g5 20.Bf2 c6 21.Red1 Rfd8 22.Bb6 Re8
23.b5 Bf8 24.h4 Nh7 25.hxg5 hxg5 26.e5 d5 27.cxd5 cxd5 28.Bd3 Bf5 29.Nxd5 Qxd5
30.Bxf5 Qxd2 31.Rxd2 Rxe5 32.Bd3 Nf6 33.Bd4 Re6 34.Bc4 Rd6 35.Kf1 Rad8 36.Rcd1 Nh5
37.Be3 Rxd2 38.Rxd2 Rxd2 39.Bxd2 g4 40.fxg4 Ng3+ 41.Ke1 Bc5 42.Bd5 b6 43.Bf4 Nh1
44.Ke2 Kg7 45.Be3 Ng3+ 46.Kf3 Bxe3 47.Kxe3 Kf6 48.Kf2 Ke5 49.Kxg3 Kxd5 50.Kf4 Kc5
51.Kf5 Kxb5 52.Kf6 Kc5 53.Kxf7 b5 54.g5 b4 55.g6 b3 56.g7 b2 57.g8=Q b1=Q
58.Qc8+ Kd4 59.Qg4+ Ke5 60.Qg3+ Kd4 61.Qf2+ Kd5 62.Qf3+ Kd4 63.Qf6+ Ke3 64.g4 Qh7+
65.Ke6 Qg8+ 66.Kf5 Kf3 67.Qc3+ Kf2 68.Qd4+ Kg3 69.Qf4+ Kh3 70.Qh6+ Kg3 71.Qd6+ Kh3
72.g5 Qf7+ 73.Qf6 Qd7+ 74.Kg6 Kg3 75.Qe5+ Kg4 76.Qe4+ Kg3 77.Kf6 Qd8+ 78.Qe7 Qh8+
79.Kf5 Qc8+ 80.Qe6 Qf8+ 81.Kg6 Kh4 82.Qe4+ Kg3 83.Qe5+ Kg4 84.Qd4+ Kg3 85.Qf6 Qe8+
86.Kh6 Qe3 87.Kh7 Qa7+ 88.Qg7 Qa5 89.g6 Qh5+ 90.Qh6 Qf5 91.Qd2 Kg4 92.Qg2+ Kh5
93.Qh2+ Kg4 94.Qg2+ Kh5 95.Qh2+ Kg4 96.Qd6 Kh5 97.Kg7 Kg5 98.Qd2+ Kh5 99.Qh6+ Kg4
100.Kh8 Qc8+ 101.Kh7 Qf5 102.Qg7 Kg5 103.Qe7+ Kh5 104.Qf7 Qe4 105.Qf6 Kg4
106.Kg8 Qa8+ 107.Kf7 Qb7+ 108.Qe7 Qf3+ 109.Kg8 Qd5+ 110.Qf7 Qd8+ 111.Kh7 Qh4+
112.Kg7 Qd8 113.Qe6+ Kg5 114.Qe5+ Kg4 115.Kf7 Qd7+ 116.Kf6 Qd8+ 117.Qe7 Qd4+
118.Kf7 Qf4+ 119.Kg8 Qb8+ 120.Qf8 Qb3+ 121.Qf7 Qb8+ 122.Kh7 Qh2+ 123.Kg7 Qe5+
124.Qf6 Qc7+ 125.Kf8 Qb8+ 126.Kf7 Qc7+ 127.Qe7 Qf4+ 128.Ke8 Qb8+ 129.Qd8 Qe5+
130.Kf7 Qf4+ 131.Kg8 Qc4+ 132.Kh8 Qc6 133.Qd4+ Kg5 134.g7 Qh6+ 135.Kg8 Qe6+
136.Kf8 Qc8+ 137.Kf7 Qc7+ 138.Ke8 Qc6+ 139.Qd7 Qg6+ 140.Kf8 Qf6+ 141.Kg8 Kg6
142.Qd3+ Kh6 143.Qh3+ Kg6 144.Qg3+ Kh6 145.Kh8 Qd4 146.Qh3+ Kg6 147.Qe6+ Kg5
148.Kg8 Qa1 149.Kf7 Qf1+ 150.Ke7  1-0

[Event "Dutch Open"]
[Site "Dieren NED"]
[Date "2008.07.23"]
[Round "2"]
[White "Markus,J"]
[Black "Goudriaan,E"]
[Result "0-1"]
[WhiteElo "2179"]
[BlackElo "2098"]

1.d4 Nf6 2.Nf3 g6 3.c4 Bg7 4.Nc3 d6 5.e4 O-O 6.Be2 e5 7.d5 a5 8.Bg5 h6 9.Bh4 Na6
10.Nd2 Nc5 11.O-O Bd7 12.b3 Nfxe4 13.Bxd8 Nxc3 14.Qe1 Rfxd8 15.Nb1 Nxe2+
16.Qxe2 e4 17.Nd2 f5 18.Rab1 Re8 19.a3 Nd3 20.Kh1 Bd4 21.f4 Kg7 22.h3 h5
23.Nf3 Bf6 24.Ne1 Nc5 25.Nc2 b6 26.b4 axb4 27.axb4 Nd3 28.Ne1 Ra3 29.Nxd3 exd3
30.Qf3 Ba4 31.c5 Bc2 32.cxd6 cxd6 33.Qf2 Re2 34.Qxb6 Bxb1 35.Rxb1 d2 36.Kh2 Re1
37.Qc7+ Kh6 38.Qc2 Rxb1 39.Qxd2 Rb2  0-1

[Event "Dutch Open"]
[Site "Dieren NED"]
[Date "2008.07.23"]
[Round "2"]
[White "Ikonnikov,Vy"]
[Black "De Jong,M"]
[Result "1/2-1/2"]
[WhiteElo "2592"]
[BlackElo "2324"]

1.d4 Nf6 2.Nf3 g6 3.c4 Bg7 4.Nc3 O-O 5.e4 d6 6.Be2 e5 7.O-O c6 8.d5 Na6 9.Bg5 h6
10.Bh4 c5 11.Nd2 Qe8 12.Nb5 Qd7 13.a3 Nh7 14.f3 h5 15.b4 Bh6 16.Bf2 b6 17.Nb3 f5
18.bxc5 Nxc5 19.Nxc5 bxc5 20.Rb1 fxe4 21.fxe4 Nf6 22.Qd3 Ba6 23.Be3 Bxe3+
24.Qxe3 Kg7 25.h3 Rf7 26.Bd3 Qe7 27.Rf3 Raf8 28.Rbf1 Bc8 29.Qg5 a6 30.Rg3 axb5
31.Qxg6+ Kh8 32.cxb5 Rg7 33.Qxg7+ Qxg7 34.Rxg7 Kxg7 35.a4 c4 36.Bxc4 Nxe4
37.Rxf8 Kxf8 38.a5 Nc5 39.Kf2 Ke7 40.Ke3 h4 41.Kf3 Kf6 42.g4 hxg3 43.Kxg3 e4
44.h4 Ke5 45.h5 Kd4 46.h6 Bf5 47.Be2 Kxd5 48.a6 Na4 49.Bg4 Bh7 50.a7 Nb6
51.Bd7 Kc5 52.Bc6 d5 53.Kf4 Kd4 54.a8=Q Nxa8 55.Bxa8 e3 56.Kf3 Kd3 57.Bxd5 e2
58.Bc4+ Kxc4  1/2-1/2

[Event "Dutch Open"]
[Site "Dieren NED"]
[Date "2008.07.23"]
[Round "2"]
[White "Struik,T"]
[Black "Van Delft,M"]
[Result "1-0"]
[WhiteElo "2203"]
[BlackElo "2399"]

1.d4 Nf6 2.c4 g6 3.Nc3 Bg7 4.e4 d6 5.Nf3 O-O 6.Be2 Qe8 7.O-O e5 8.dxe5 dxe5
9.Be3 Na6 10.h3 Qe7 11.Qc2 c6 12.a3 Nh5 13.Rfd1 Nc5 14.b4 Ne6 15.Rd2 f5 16.exf5 gxf5
17.Nh2 Nhf4 18.Bf1 Ng6 19.f3 Qh4 20.Ne2 e4 21.Rad1 Ne5 22.Bf2 Qh6 23.fxe4 fxe4
24.Qxe4 Ng5 25.Qh4 Bxh3 26.Qxh6 Bxh6 27.Rd6 Bg7 28.gxh3 Ne4 29.Bc5 Nxd6 30.Bxd6 Rfd8
31.Ng3 Nf7 32.c5 Nxd6 33.cxd6 Be5 34.Nf5 Bxh2+ 35.Kxh2 Kf7 36.Kg3 Kf6 37.Kf4 a5
38.d7 b5 39.Rd6+ Kf7 40.Bg2 axb4 41.Bxc6 Rxa3 42.Bd5+ Kf8 43.Rf6+  1-0

[Event "1st Open"]
[Site "Paleochora GRE"]
[Date "2008.07.23"]
[Round "4"]
[White "Milanovic,Da"]
[Black "Klimov,A"]
[Result "1/2-1/2"]
[WhiteElo "2529"]
[BlackElo "2423"]

1.d4 Nf6 2.c4 g6 3.Nc3 Bg7 4.e4 d6 5.Be2 O-O 6.Nf3 e5 7.Be3 Ng4 8.Bg5 f6
9.Bh4 Nc6 10.d5 Ne7 11.Nd2 Nh6 12.f3 f5 13.O-O Bf6 14.Bf2 c5 15.dxc6 bxc6
16.b4 Be6 17.b5 d5 18.cxd5 cxd5 19.Nxd5 Nxd5 20.exd5 Bxd5 21.Nc4 e4 22.fxe4 fxe4
23.Bc5 Nf5 24.Nd6 Be6 25.Nxf5 gxf5 26.Bxf8 Bxa1 27.Qxa1 Qb6+ 28.Kh1 Rxf8
29.a4 Qe3 30.Qe5 Qxe2 31.Qxe6+ Kh8 32.Qe5+ Kg8 33.Qd5+ Kh8 34.Qe5+ Kg8 35.Qd5+ Kh8
36.Qd4+ Kg8 37.Rd1 f4 38.Qd5+ Kh8 39.Qe5+ Kg8 40.Qe6+ Kh8 41.Qd6 Kg8 42.h3 f3
43.Qg3+ Kh8 44.Qe5+ Kg8 45.Qg3+ Kh8 46.Qe5+ Kg8  1/2-1/2

[Event "19th Czech Chladek & Tintera A Open"]
[Site "Pardubice CZE"]
[Date "2008.07.23"]
[Round "6"]
[White "Schwarz,Du"]
[Black "Galburd,Y"]
[Result "0-1"]
[WhiteElo "2378"]
[BlackElo "2209"]

1.Nf3 Nf6 2.c4 g6 3.Nc3 Bg7 4.e4 d6 5.d4 O-O 6.Be2 e5 7.O-O Nbd7 8.Be3 c6
9.Re1 Qe7 10.d5 c5 11.Nd2 Kh8 12.a3 Ng8 13.f3 f5 14.b4 b6 15.Nb3 f4 16.Bf2 a6
17.bxc5 bxc5 18.Na5 Ndf6 19.Nc6 Qc7 20.Rb1 g5 21.Qa4 Qd7 22.h3 h5 23.Bxc5 g4
24.hxg4 hxg4 25.Bb6 Qe8 26.fxg4 Bxg4 27.Qd1 Qh5 28.Bf3 Bh6 29.Bf2 Rf7 30.Kf1 Qh1+
31.Ke2 Qxg2 32.Bxg4 Nxg4 33.Rf1 f3+ 34.Ke1 Nxf2 35.Rxf2 Qg1+ 36.Rf1 Qe3+
37.Ne2 f2+  0-1

[Event "Politiken Cup"]
[Site "Helsingor DEN"]
[Date "2008.07.24"]
[Round "7"]
[White "Engqvist,T"]
[Black "Hvenekilde,J"]
[Result "1-0"]
[WhiteElo "2363"]
[BlackElo "2179"]

1.Nf3 Nf6 2.c4 d6 3.d4 g6 4.Nc3 Bg7 5.e4 O-O 6.Be2 e5 7.Be3 Nc6 8.d5 Ne7
9.Nd2 Nd7 10.b4 f5 11.f3 Nf6 12.c5 Rf7 13.Nc4 Ne8 14.a4 Kh8 15.a5 Ng8 16.O-O f4
17.Bf2 Bf6 18.Kh1 Bh4 19.Qe1 Bxf2 20.Qxf2 Ngf6 21.b5 Re7 22.c6 Rg7 23.b6 bxc6
24.dxc6 axb6 25.axb6 Rxa1 26.Rxa1 cxb6 27.Qxb6 Qxb6 28.Nxb6 Rc7 29.Bb5 Be6
30.Ra8 Kg7 31.Rb8 Kf8 32.Rb7 g5 33.Na8 Rc8 34.Ra7 h5 35.Kg1 g4 36.Na4 g3
37.N4b6 Rb8 38.Rb7 Rd8 39.c7  1-0

[Event "Politiken Cup"]
[Site "Helsingor DEN"]
[Date "2008.07.24"]
[Round "7"]
[White "Fjellengen,B"]
[Black "Mejvik,J"]
[Result "0-1"]
[WhiteElo "1900"]
[BlackElo "2015"]

1.d4 Nf6 2.Nf3 d6 3.c4 g6 4.Nc3 Bg7 5.e4 O-O 6.Be2 e5 7.dxe5 dxe5 8.Qxd8 Rxd8
9.Bg5 Re8 10.Rd1 c6 11.O-O Nbd7 12.Rd2 Nc5 13.Bxf6 Bxf6 14.Rfd1 a5 15.b3 h5
16.h3 Ne6 17.Bf1 Ng5 18.Ne1 Be7 19.f3 Bc5+ 20.Kh2 Ne6 21.Ne2 f6 22.Nc2 Kf7
23.Kh1 Ke7 24.Kh2 Rd8 25.Rxd8 Nxd8 26.Kh1 Ne6 27.Kh2 Bd7 28.Kh1 Rd8 29.Kh2 Be8
30.Rxd8 Kxd8 31.Kg3 Ke7 32.a3 Bd7 33.b4 axb4 34.axb4 Ba7 35.Kh2 g5 36.Ng3 Ng7
37.Ne2 Kd6 38.g4 h4 39.Nc1 Ne6 40.Nb3 c5 41.bxc5+ Nxc5 42.Nd2 Na6 43.Be2 Bc5
44.Nf1 Nb4 45.Nxb4 Bxb4 46.Ne3 Ba5 47.Nd5 Bd8 48.Kg2 Kc5 49.Kf2 Kd4 50.Ne3 Ba4
51.Nf5+ Kc3 52.Ke1 Bb3 53.c5 Ba4 54.Nd6 Bc6 55.Bb5 Kb4 56.Bxc6 bxc6 57.Kd2 Be7
58.Kd3 Kxc5 59.Nf5 Bf8 60.Ne3 Kb4 61.Nc4 Bc5 62.Nd2 Bb6 63.Nc4 Bc7 64.Nd2 Kc5
65.Nb3+ Kb5 66.Nd2 Ba5 67.Nc4 Bb4 68.Ne3 Ba3 69.Nf5 Kb4 70.Ne3 Bc1 71.Nf5 Bf4
72.Nd6 Kb3 73.Nf5 Kb4 74.Nd6 Bg3 75.Nf5 Be1 76.Ne3 Kb3 77.Nc4 Bb4 78.Ne3 Kb2
79.Nf5 Kc1 80.Ne3 Kb2 81.Nc4+ Kc1 82.Ne3 Bc5 83.Nc2 Kd1 84.Na1 Ke1 85.Nb3 Bb6
86.Nd2 Kf2 87.Nc4 Bc7 88.Nd2 Kg2 89.Ke2 Kxh3 90.Kf1 Kg3  0-1

[Event "Politiken Cup"]
[Site "Helsingor DEN"]
[Date "2008.07.24"]
[Round "7"]
[White "Sachdev,T"]
[Black "Molvig,H"]
[Result "1-0"]
[WhiteElo "2432"]
[BlackElo "2204"]

1.d4 Nf6 2.c4 g6 3.Nc3 Bg7 4.e4 d6 5.Be2 O-O 6.Nf3 e5 7.Be3 Ng4 8.Bg5 f6
9.Bh4 g5 10.Bg3 Nh6 11.d5 Nd7 12.Nd2 f5 13.exf5 Nf6 14.Nde4 Nxe4 15.Nxe4 Bxf5
16.Bd3 g4 17.O-O Kh8 18.Kh1 Qe8 19.c5 Qg6 20.Re1 Ng8 21.Qb3 b6 22.cxd6 cxd6
23.Rac1 Rad8 24.Rc7 Rf7 25.Rxf7 Qxf7 26.Bh4 Ne7 27.Ng5 Qg6 28.Bxf5 Qxf5 29.Ne6 Re8
30.Qa4 Qg6 31.Qd7 Nf5 32.Nf4  1-0

[Event "1st Open"]
[Site "Paleochora GRE"]
[Date "2008.07.24"]
[Round "5"]
[White "David,Alb"]
[Black "Nikolaou,G"]
[Result "1-0"]
[WhiteElo "2568"]
[BlackElo "2250"]

1.d4 Nf6 2.c4 g6 3.Nc3 Bg7 4.e4 d6 5.Nf3 O-O 6.Be2 Na6 7.O-O e5 8.Be3 Ng4
9.Bg5 Qe8 10.Re1 h6 11.Bh4 Nf6 12.c5 exd4 13.Bxf6 dxc3 14.Bxg7 Kxg7 15.Bxa6 cxb2
16.Rb1 bxa6 17.cxd6 cxd6 18.Qxd6 Qe6 19.Qd4+ Qf6 20.Qxf6+ Kxf6 21.Rxb2 Rd8
22.Rb4 Be6 23.Ra4 Rab8 24.Rxa6 Rd7 25.h3 Rb2 26.a3 Kg7 27.Ra4 Rc7 28.Nd4 Bc8
29.e5 Rd2 30.e6 fxe6 31.Nxe6+ Bxe6 32.Rxe6 Rb2 33.Raa6 Rb1+ 34.Kh2 Rb6 35.Rexb6 axb6
36.Rxb6 Rc2 37.f3 Ra2 38.Ra6 g5 39.a4 Kh7 40.a5 Ra4 41.Ra8 h5 42.a6 h4 43.a7 Kg7
44.Kg1 Ra2 45.Kf1 Ra1+ 46.Ke2 Ra3 47.Kd2 Kh7 48.Kc2 Kg7 49.Kb2 Ra6 50.Kb3 Ra1
51.Kb4 Ra2 52.Kc5 Ra5+ 53.Kb6 Ra2 54.Rb8  1-0

[Event "19th Czech Chladek & Tintera A Open"]
[Site "Pardubice CZE"]
[Date "2008.07.24"]
[Round "7"]
[White "Bykhovsky,An ISR"]
[Black "Armbrust,F"]
[Result "1-0"]
[WhiteElo "2426"]
[BlackElo "2306"]

1.d4 Nf6 2.Nf3 g6 3.c4 Bg7 4.Nc3 O-O 5.e4 d6 6.Be2 e5 7.O-O Nbd7 8.Re1 c6
9.Bf1 a5 10.Rb1 exd4 11.Nxd4 Nc5 12.f3 Ne6 13.Nc2 Ne8 14.Be3 Bxc3 15.bxc3 f5
16.exf5 gxf5 17.c5 f4 18.Bf2 d5 19.c4 N8c7 20.Nd4 Nxd4 21.Bxd4 Ne6 22.Be5 Nxc5
23.cxd5 cxd5 24.Ba1 Ne6 25.Rxe6 Bxe6 26.Qd4 Qe7 27.Rxb7  1-0

[Event "Dutch Open"]
[Site "Dieren NED"]
[Date "2008.07.25"]
[Round "4"]
[White "Struik,T"]
[Black "De Jong,M"]
[Result "0-1"]
[WhiteElo "2203"]
[BlackElo "2324"]

1.d4 Nf6 2.c4 g6 3.Nc3 Bg7 4.e4 d6 5.Nf3 O-O 6.Be2 e5 7.O-O c6 8.Be3 exd4
9.Nxd4 Re8 10.f3 d5 11.cxd5 Nxd5 12.Nxd5 cxd5 13.Qb3 Nc6 14.Nxc6 bxc6 15.Rfd1 Be6
16.Qc2 Qa5 17.Bd4 Bxd4+ 18.Rxd4 Qb6 19.Rd1 dxe4 20.Kh1 exf3 21.Bxf3 Bb3 22.Qxb3 Qxd4
23.Bxc6 Rad8 24.Rf1 Qf2 25.Qf3 Qxf3 26.Bxf3 Rd2 27.h3 Rxb2 28.Bd5 Re7 29.Kh2 Kg7
30.Bc4 f5 31.Rd1 f4  0-1

[Event "Politiken Cup"]
[Site "Helsingor DEN"]
[Date "2008.07.25"]
[Round "8"]
[White "Olsen,H"]
[Black "Christensen,Bo"]
[Result "1-0"]
[WhiteElo "2368"]
[BlackElo "2247"]

1.Nf3 Nf6 2.c4 g6 3.Nc3 Bg7 4.e4 d6 5.d4 O-O 6.Be2 e5 7.d5 a5 8.Bg5 h6 9.Bh4 Na6
10.Nd2 Qe8 11.O-O g5 12.Bg3 Bd7 13.b3 a4 14.bxa4 Nc5 15.a5 Rxa5 16.Nb3 Ra6
17.Nxc5 dxc5 18.a4 Qe7 19.Qc2 Ne8 20.Nb5 f5 21.f3 f4 22.Bf2 Rg6 23.Ra3 h5
24.h3 g4 25.fxg4 hxg4 26.Bxg4 Bxg4 27.hxg4 Rxg4 28.Qe2 Qg5 29.Bxc5 Rf7 30.Rh3 Nf6
31.d6 cxd6 32.Nxd6 Bf8 33.Rh8+ Kg7 34.Rxf8 Rxf8 35.Nf5+ Kg8 36.Bxf8 Kxf8
37.Qf3 Nh5 38.Rb1 Ng3 39.Rxb7 Rh4 40.Qa3+ Kg8 41.Nxh4 Qxh4 42.Qd3  1-0

[Event "19th Czech Chladek & Tintera A Open"]
[Site "Pardubice CZE"]
[Date "2008.07.25"]
[Round "8"]
[White "Buhmann,R"]
[Black "Kashlinskaya,A"]
[Result "1-0"]
[WhiteElo "2561"]
[BlackElo "2201"]

1.Nf3 Nf6 2.c4 g6 3.Nc3 Bg7 4.e4 d6 5.d4 O-O 6.Be2 Na6 7.O-O e5 8.Re1 c6
9.Be3 Ng4 10.Bg5 Qe8 11.h3 h6 12.Bh4 exd4 13.Nxd4 Nf6 14.Bf3 Qe7 15.Qd2 Nc5
16.Rad1 Ne6 17.Nf5 gxf5 18.exf5 Qc7 19.fxe6 Bxe6 20.Qf4 Ne8 21.Qe4 Nf6 22.Qf4 Ne8
23.Qd2 Nf6 24.b3 Nd7 25.Be4 Rae8 26.Bb1 Qa5 27.Qc2 f5 28.Ne2 Nc5 29.Nf4 Bc8
30.f3 Qc3 31.Ng6 Rxe1+ 32.Rxe1 Bf6 33.Nxf8 Kxf8 34.Bf2 Qxc2 35.Bxc2 a5 36.Bg3 Be7
37.Rd1 d5 38.cxd5 cxd5 39.Rxd5 Be6 40.Re5 Kf7 41.Bxf5  1-0

[Event "Dutch Open"]
[Site "Dieren NED"]
[Date "2008.07.26"]
[Round "5"]
[White "De Ruiter,D"]
[Black "De Saegher,C"]
[Result "1/2-1/2"]
[WhiteElo "2017"]
[BlackElo "2185"]

1.d4 Nf6 2.c4 g6 3.Nc3 Bg7 4.e4 d6 5.Nf3 O-O 6.Be2 Nbd7 7.O-O e5 8.Re1 c6
9.Bf1 a5 10.g3 Re8 11.h3 Qe7 12.Bg2 h6 13.Be3 Nh7 14.Qd2 exd4 15.Nxd4 Ne5
16.Qe2 Be6 17.b3 Ng5 18.f4 Nxh3+ 19.Bxh3 Bxh3 20.fxe5 Bxe5 21.Qf2 Qf8 22.Rad1 Qg7
23.Nce2 Bg4 24.Rd2 h5 25.Nf4 Bf6 26.Nde2 Rxe4 27.Rxd6 Rae8 28.Ng2 Be7 29.Rd4 Re5
30.Nef4 Bb4 31.Bd2 Bc5 32.Rxe5 Qxe5 33.Be3 Bxd4 34.Bxd4 Qe4  1/2-1/2